[Event "NOR-chT Clubs"]
[Site "Drammen"]
[Date "2022.05.26"]
[Round "6"]
[White "Erlandsson, Daniel"]
[Black "Glendrange, Kristian"]
[Result "0-1"]
[WhiteElo "1425"]
[BlackElo "1357"]
[PlyCount "34"]
[EventDate "2022.05.26"]
[EventType "team-swiss"]
[EventRounds "6"]
[EventCountry "NOR"]
[SourceTitle "EXT 2024"]
[Source "ChessBase"]
[SourceDate "2023.10.10"]
[SourceVersion "1"]
[SourceVersionDate "2023.10.10"]
[SourceQuality "1"]
[WhiteTeam "Eiker II"]
[BlackTeam "Oslo SS Bredde II"]
[WhiteTeamCountry "NOR"]
[BlackTeamCountry "NOR"]

1. e4 c5 2. c3 d5 3. exd5 Qxd5 4. Nf3 Bg4 5. Bb5+ Nc6 6. d3 Nf6 7. Nbd2 e6 8. 0-0 a6 9. Bc4 Qf5 10. Qa4 Bd6 11. Nh4 Qh5 12. Nhf3 0-0 13. Qd1 Bxh2+ 14. Kh1 Ne5 15. d4 Bf4+ 16. Kg1 Nxf3+ 17. Nxf3 Bxf3 0-1

[Event "NOR-chT Clubs"]
[Site "Drammen"]
[Date "2022.05.26"]
[Round "5"]
[White "Glendrange, Kristian"]
[Black "Hilmarsen, Thomas Aune"]
[Result "1-0"]
[WhiteElo "1357"]
[BlackElo "1447"]
[PlyCount "77"]
[EventDate "2022.05.26"]
[EventType "team-swiss"]
[EventRounds "6"]
[EventCountry "NOR"]
[SourceTitle "EXT 2024"]
[Source "ChessBase"]
[SourceDate "2023.10.10"]
[SourceVersion "1"]
[SourceVersionDate "2023.10.10"]
[SourceQuality "1"]
[WhiteTeam "Oslo SS Bredde II"]
[BlackTeam "Zugzwang"]
[WhiteTeamCountry "NOR"]
[BlackTeamCountry "NOR"]

1. e4 e6 2. Nf3 d5 3. Nc3 c5 4. g3 Nc6 5. Bg2 Bd7 6. 0-0 Nf6 7. e5 Ng4 8. Re1 Qc7 9. Qe2 a6 10. h3 Nh6 11. Nd1 Nb4 12. d4 Bb5 13. Qd2 c4 14. c3 Nc6 15. a4 Qa5 16. Qc2 Nd8 17. Bxh6 gxh6 18. Ne3 Bc6 19. Ng4 Bg7 20. Kh2 h5 21. Nf6+ Ke7 22. Nxh7 Bd7 23. Nhg5 Nc6 24. h4 Rag8 25. b4 cxb3 26. Qxb3 Qc7 27. c4 Na5 28. Qb4+ Kd8 29. Nxf7+ Kc8 30. cxd5 Kb8 31. Rec1 Bf8 32. d6 Qxc1 33. Rxc1 Nc6 34. Qb6 Rh7 35. N3g5 Rxg5 36. Nxg5 Rg7 37. Bxc6 Bxc6 38. Rxc6 Ka8 39. Rc8# 1-0